00426nam a2200169Ia 4500003000400000005001700004008004100021020001700062040000700079041000800086082002300094100002100117245004500138260004500183300001500228365001300243OSt20230614154648.0210423s2009 xx 000 0 und d a978817319855 cAL aeng a574.028 223bDUTA aDUTTA (Abhijit). aExperimental biology: laboratory manual. aNew DelhibNarosa Publishing Housec2009 axi,313bPB b260cINR